Handbook 1994-95: (Record no. 1635)

MARC details
000 -LEADER
fixed length control field 00447nam a22001817a 4500
003 - CONTROL NUMBER IDENTIFIER
control field OSt
005 - DATE AND TIME OF LATEST TRANSACTION
control field 20150428174851.0
008 - FIXED-LENGTH DATA ELEMENTS--GENERAL INFORMATION
fixed length control field 150428b xxu||||| |||| 00| 0 eng d
040 ## - CATALOGING SOURCE
Transcribing agency 04
082 ## - DEWEY DECIMAL CLASSIFICATION NUMBER
Classification number Ws 7 B777 1995
100 ## - MAIN ENTRY--PERSONAL NAME
Personal name BPA
9 (RLIN) 4313
245 ## - TITLE STATEMENT
Title Handbook 1994-95:
Remainder of title British Paediatric association /
Statement of responsibility, etc. BPA
260 ## - PUBLICATION, DISTRIBUTION, ETC. (IMPRINT)
Name of publisher, distributor, etc. BPA;
Date of publication, distribution, etc. 1995
300 ## - PHYSICAL DESCRIPTION
Extent 520 p :
Dimensions 26 cm
504 ## - BIBLIOGRAPHY, ETC. NOTE
Bibliography, etc includes index
650 ## - SUBJECT ADDED ENTRY--TOPICAL TERM
Topical term or geographic name as entry element Peadiatric
9 (RLIN) 4314
942 ## - ADDED ENTRY ELEMENTS (KOHA)
Source of classification or shelving scheme Other/Generic Classification Scheme
Koha item type Short Loan
Holdings
Withdrawn status Lost status Source of classification or shelving scheme Damaged status Not for loan Home library Current library Date acquired Source of acquisition Inventory number Total Checkouts Full call number Barcode Date last seen Price effective from Koha item type
    Other/Generic Classification Scheme     MUST Main Library MUST Main Library 28/04/2015   9037   Ws 7 B777 1995 2015-1226 28/04/2015 28/04/2015 Short Loan